Głosem źródeł

Titel: Głosem źródeł
Verfasser:
In: Szkice lublinieckie, Band 3 (1992), Seite 16-18
alle Artikel anzeigen
Veröffentlicht: 1992
Format: Aufsatz
Sprache: Polnisch
Kein Bild verfügbar
X
alg: 39454289
001A    $01999:12-11-16 
001B    $01999:30-05-21 $t14:35:12.000 
001D    $01999:12-11-16 
001U    $0utf8 
001X    $00 
002@    $0Aox 
003@    $0394542894 
007A    $0394542894 $aHEB 
007T    $0Herdww000714 
010@    $apol 
011@    $a1992 
021A    $aGłosem źródeł 
028A    $aSłomczyńska $dOtylia 
031A    $d3 $h16-18 $j1992 
037A    $aProboszczowie, wikarzy, organiści i kierownicy szkół parafii lublinieckiej  
039B    $aIn $8--Abvc--. Szkice lublinieckie. - Lubliniec, 1986-. - ISSN 0860-3685 $x199200000030000984 $9182896552 
045F    $a200.9438 $eDDC23BSB 
045F/01 $a200.9 
045F/03 $g438 
045F/03 $g4385 

lok: 39454289 78

exp: 39454289 78 1 #EPN
201B/01 $018-11-16 $t11:56:18.000 
201U/01 $0utf8 
203@/01 $079065332X 
208@/01 $a12-11-16 $be 
209A/01 $a/ $f000 $x00 
220C/01 $aTitelaufnehmer: EW 
220C/01 $aHerkunft: IH UWr 
244Z/01 $2Trx $#Silesia $#Śląsk $#Sliezsko $#Slezsko $8--Trx--Schlesien $x01 $9391173987 
244Z/01 $2Trx $#Poola $#Lenkija $#Polija $#Polen Land $#Poland $#Lengyelország $#Poľsko $#Polsko $8--Trx--Polska$gkraj $x02 $9391345966 
244Z/01 $2Trx $#Lublinitz $#Loben Tschenstochau $8--Trx--Lubliniec $x03 $9391273396 
244Z/01 $aGeschichte 1359-1687 $x04 
244Z/01 $2Trx $#kirik, Rooma-Katoliku $#bažnyčia, Romos katalikų $#Church, Roman-Catholic $#Római katolikus templom $#kościół rzymskokatolicki $#cirkev rímsko-katolícka $#církev římsko-katolická $8--Trx--Kirche, römisch-katholische $x05 $9391382845 
244Z/01 $2Trx $#vaimulikkond, rooma-katoliku $#Romos katalikų dvasininkai $#clergy, Roman-Catholic $#papság, római-katolikus $#duchowieństwo rzymskokatolickie $#duchovenstvo rímsko-katolícke $#duchovenstvo římsko-katolické $#Klerus $#Priester $#Pfarrer $#kler $#księża katoliccy $#klérus $#kňazi $#farári $#klérus $#kněží $#faráři $8--Trx--Geistliche, römisch-katholische $x06 $9391373757 
244Z/01 $2Trx $8--Trx--Zeitschriftenaufsatz $x07 $9391384341 
245Z/01 $a10.02.02.01 $x01 
247C/01 $82080>Marburg/Lahn, Herder-Institut, Forschungsbibliothek, Bibliographieportal $9336309341
LEADER 00000caa a22000002c 4500
001 394542894
003 DE-603
005 20210530143512.0
007 tu
008 161112s1992 xx |||| | u00||u|pol c
035 |a (DE-599)HEB394542894 
040 |a DE-603  |b ger  |c DE-603  |d DE-603 
041 |a pol 
082 0 4 |8 1\u  |a 200.9438  |q DE-101  |2 23/BSB 
085 |8 1\u  |b 200.9 
085 |8 1\u  |z 2  |s 438 
085 |8 1\u  |z 2  |s 4385 
100 1 |a Słomczyńska, Otylia 
245 0 0 |a Głosem źródeł 
264 0 |c 1992 
500 |a Proboszczowie, wikarzy, organiści i kierownicy szkół parafii lublinieckiej <pol> 
773 0 8 |i In  |t Szkice lublinieckie  |d Lubliniec, 1986-  |x 0860-3685  |g Band 3 (1992), Seite 16-18  |w (DE-603)182896552  |w (DE-600)2259923-X 
924 0 |9 2080  |a (DE-603)79065332X  |b DE-2080  |c HES  |d d  |g /